| 000 | 01064nac a22002651i 4500 | ||
|---|---|---|---|
| 003 | EG-ScBUE | ||
| 005 | 20231008103537.0 | ||
| 008 | 121107s2000 ua f 000 0 ara d | ||
| 020 | _a9770166537 | ||
| 040 |
_aEG-ScBUE _bara _erda _cEG-ScBUE _dEG-ScBUE |
||
| 041 | 1 |
_aara _heng |
|
| 082 | 0 | 4 |
_a916.204 _bا م ى _222 |
| 100 | 1 |
_aلودفيغ، إميل، _eمؤلف. _931274 |
|
| 245 | 1 | 2 |
_aالنيل : _bحياة نهر / _cإميل لودفيغ ؛ ترجمة عادل زعيطر. |
| 264 | 1 |
_aالقاهرة : _bالهيئة المصرية العامة للكتاب، _c2000. |
|
| 300 |
_a434 صفحة ؛ _bإيضاحيات ؛ _c24 سم |
||
| 336 |
_2rdacontent _aنص _btxt |
||
| 337 |
_2rdamedia _aبدون وسيط _bn |
||
| 338 |
_2rdacarrier _aمجلد _bnc |
||
| 546 | _aالنص باللغة العربية وتم ترجمته من اللغة الإنجليزية. | ||
| 650 | 7 |
_aنهر النيل _xوصف ورحلات. _2BUEsh _931275 |
|
| 655 | _vReading book | ||
| 700 | 1 |
_aزعيطر، عادل، _eمترجم. _931276 |
|
| 942 |
_cBB _k916.204 إ م ي _2ddc |
||
| 999 |
_c7052 _d7052 |
||